000 00602nam a22002057a 4500
005 20251108173110.0
008 250721s9999 xx 000 0 ara d
020 _a9953721009
082 1 4 _a612.63/ رزق
100 1 _aرزق، هيام
245 1 0 _a745 نصيحة للحامل /
264 1 _aبيروت :
_bدار القلم للطباعة و النشر،
300 _a93ص
490 0 _aالسلسلة الطبية الدليلالصحي للأسرة
_v7
650 1 7 _aالحمل
650 1 7 _aالصحة
650 1 7 _aرعاية الحوامل
942 _2ddc
_cBK
999 _c96005
_d96005